| 000 | 00636nam a2200229 a 4500 | ||
|---|---|---|---|
| 001 | BRCA_6701 | ||
| 005 | 20190320205547.0 | ||
| 008 | 171011s1913----gw-a######---#000-0#ger-# | ||
| 041 | _ager | ||
| 044 | _agw | ||
| 050 | 4 |
_aML3575 _b.A2 F75 _c1913 |
|
| 245 | 1 | 0 |
_aMusik, Tanz und Dichtung bei den kreolen Amerikas _cvon Albert Friedenthal |
| 260 |
_aBerlín _bHausbucher _c1913 |
||
| 300 |
_a328 p. _bil. _c20 cm. |
||
| 500 | _aIncluye glosario | ||
| 500 | _aI82 | ||
| 650 | 1 | 4 |
_aMúsica Criolla _916752 |
| 650 | 1 | 4 |
_aMúsica _zHispanoamérica _916753 |
| 700 | 1 |
_aFriedenthal, Albert _eAutor. _916754 |
|
| 902 | _aGFM | ||
| 942 |
_2lcc _cB |
||
| 999 |
_c6384 _d6384 |
||